Vzdelaný a zodpovedný spotrebiteľ v prostredí Európskej únie a Slovenskej republiky

Systém vzdelávania spotrebiteľov pre zvýšenie spotrebiteľského povedomia a rast spotrebiteľskej gramotnosti. Skúmanie, či sú slovenskí spotrebitelia dostatočne informovaní ako spotrebitelia. Orientácia spotrebiteľa v problematike informácií, ktoré potrebuje vo vzťahu k obchodníkovi.

Enregistré dans:
Détails bibliographiques
Auteur principal: Dzurová, Mária
Format: Chapitre de livre
Langue:slovaque
Sujets:
Tags: Ajouter un tag
Pas de tags, Soyez le premier à ajouter un tag!

MARC

LEADER 00000naa a2200000 4500
001 0270980
005 20240502074244.2
041 0 |a slo 
044 |a SK 
245 1 0 |a Vzdelaný a zodpovedný spotrebiteľ v prostredí Európskej únie a Slovenskej republiky  |c Mária Dzurová 
520 |a Systém vzdelávania spotrebiteľov pre zvýšenie spotrebiteľského povedomia a rast spotrebiteľskej gramotnosti. Skúmanie, či sú slovenskí spotrebitelia dostatočne informovaní ako spotrebitelia. Orientácia spotrebiteľa v problematike informácií, ktoré potrebuje vo vzťahu k obchodníkovi. 
610 2 0 |a spotrebitelia 
610 2 0 |a obchod 
610 2 0 |a vzdelávanie celoživotné 
610 2 0 |a gramotnosť informačná 
100 1 |a Dzurová, Mária